000 00700pam a2200229 a 4500
001 2124533
005 20241213140833.0
008 970425s1998 nyua 001 0 eng
020 _a0815320450
020 _a9780815320456
050 0 0 _aQH581.2
_b.E78 1998
082 0 0 _a571.6
_221
245 0 0 _aEssential cell biology :
_ban introduction to the molecular biology of the cell /
_cBruce Alberts ... [et al.].
260 _aNew York :
_bGarland Pub.,
_cc1998.
300 _a1 v. (various pagings) :
_bill. (some col.) ;
_c29 cm.
500 _aIncludes index.
650 0 _aCytology.
650 0 _aMolecular biology.
650 0 _aBiochemistry.
700 1 _aAlberts, Bruce.
942 _2lcc
_cBK
_n0
999 _c2163
_d2163